00708nam a2200181Ia 4500008004100000020001500041082001600056100001600072245006900088260004000157300000800197650000700205700001700212942001200229999001500241952017200256952009800428221030s9999 xx 000 0 und d a8188458317 a105.23bDog aR. K. Dogra 0aEngineering Materials & Metallugrycby R. K. Dogra, A. K. Sharma bS.K Kataria & SonsaNew Delhic2006 a340 aEE aA. K. Sharma cBK2ddc c3815d3815 pBE 9068g340.00l0o105.23 Dogr2024-06-13 00:00:00w2022-10-30yBK003Print4070aMIETLIBbMIETLIBcBL-Academic Block C, FL-2, CUP-131, SH-2, R-2d2006-12-0210HBE pBE 9069l0r2024-06-13 00:00:00w2023-04-21yBK004070aMIETLIBbMIETLIBd2006-02-1210HBE